San Antonio.

Bibliographic Details
Corporate Author: Certified Folder Display Service, Inc
Format: Map
Language:English
Published: Vista, California : Certified Folder Display Service, Inc., [2017]
Subjects:

MARC

Tag First Indicator Second Indicator Subfields
LEADER 00000cem a2200000Ii 4500
001 in00004065739
005 20191021075317.0
007 aj canzn
008 190701s2017 cau a 1 eng d
034 0 |a a  |d W0984847  |e W0981322  |f N0294351  |g N0291110  |2 bound 
035 |a (OCoLC)on1106526224 
035 |a (OCoLC)1106526224 
040 |a TXA  |b eng  |e rda  |c TXA  |d UtOrBLW 
043 |a n-us-tx 
049 |a TXAM 
050 4 |a G4034.S2 2017  |b .C4 
052 |a 4034  |b S2 
110 2 |a Certified Folder Display Service, Inc.  |0 http://id.loc.gov/authorities/names/nr2003038378 
245 1 0 |a San Antonio. 
255 |a Scale not given  |c (W 98°48ʹ47ʺ--W 98°13ʹ22ʺ/N 29°43ʹ51ʺ--N 29°11ʹ10ʺ) 
264 1 |a Vista, California :  |b Certified Folder Display Service, Inc.,  |c [2017] 
300 |a 1 map :  |b color ;  |c 23 x 30 cm, on sheet 46 x 50 cm, folded to 23 x 10 cm 
336 |a cartographic image  |b cri  |2 rdacontent 
337 |a unmediated  |b n  |2 rdamedia 
338 |a sheet  |b nb  |2 rdacarrier 
500 |a Panel title. 
500 |a Includes advertisements, color illustrations, index, and inset map of "Downtown San Antonio". 
500 |a Color illustrations, advertisements, text, area map of San Antonio, and distance map of Texas on Verso. 
500 |a "2017/2018." 
651 0 |a Texas  |v Maps. 
651 0 |a San Antonio (Tex.)  |v Maps.  |0 http://id.loc.gov/authorities/subjects/sh2008116853 
655 7 |a Tourist maps.  |2 lcgft  |0 http://id.loc.gov/authorities/genreForms/gf2011026699 
994 |a C0  |b TXA 
948 |a cataloged  |b h  |c 2019/7/ 1  |d o  |e sladdusaw  |f 11:1 7:49 am 
999 f f |s f966a24a-1c8b-38f3-970f-235bd2b5590f  |i dbc1a236-c247-3d44-a6b8-96e30e2bb48d  |t 0 
952 f f |p normal  |a Texas A&M University  |b College Station  |c Sterling C. Evans Library  |d Evans: Maps (2nd floor)  |t 0  |e G4034.S2 2017 .C4  |h Library of Congress classification  |i unmediated -- sheet  |m AM1480047899 
998 f f |a G4034.S2 2017 .C4  |t 0  |l Evans: Maps (2nd floor)